| 000 | 00355nam a22001337a 4500 | ||
|---|---|---|---|
| 008 | 230619b xxu||||| |||| 00| 0 eng d | ||
| 020 | _a9789966092908 | ||
| 082 |
_a230.6762 _bMUL |
||
| 100 | _cRev. Vincent Mboya Mulwa | ||
| 245 | _aChristianity at the Crossroads | ||
| 260 |
_aKenya _bDelmon General Agencies _c2015 |
||
| 300 | _aVI,191p | ||
| 942 |
_2ddc _cBK |
||
| 999 |
_c1341 _d1341 |
||